000 00391nam a22001697a 4500
003 OSt
008 220615b ||||| |||| 00| 0 eng d
020 _a9789389354508
082 _a006.31 ALI
100 _aALLA, Prema
245 _aIntroduction to Data Science Using R
250 _a2nd Ed.
260 _aHyderabad
_bBS Pub.
_c2024
300 _a311
650 _aCSE
942 _2ddc
_cBK
999 _c13402
_d13402